Estadísticas para Primera B Nacional Argentina 2024

Haz click aquí para intentar la prueba.

Estadísticas generales

  • Esta prueba ha sido intentada 44 veces
  • La puntuación promedio es 23 de 38

Estadísticas de respuestas

#Equipos% Correcto
8Colon
89%
5Chacarita
87%
3Almirante Brown
84%
1Aldosivi
79%
5Atlanta
76%
6Brown de Adrogue
76%
8Ferro
76%
17Nueva Chicago
76%
12Patronato
76%
19Quilmes
76%
3Alvarado
68%
14San Martin de San Juan
68%
2All Boys
66%
4Arsenal
66%
1Agropecuario
63%
6Deportivo Maipu
63%
7Estudiantes de Buenos Aires
63%
10Gimnasia de Jujuy
63%
15San Martin de Tucuman
63%
13Racing de Cordoba
58%
19Temperley
58%
17Talleres de Remedios de Escalada
55%
13Estudiantes de Rio Cuarto
53%
9Guillermo Brown
53%
2Almagro
50%
10Defensores de Belgrano
50%
11Deportivo Madryn
47%
18Tristan Suarez
47%
4Atletico de Rafaela
45%
12Deportivo Moron
45%
11Guemes
45%
16Mitre
45%
16San Miguel
45%
18San Telmo
45%
9Defensores Unidos
42%
15Gimnasia de Salta
42%
7Chaco For Ever
34%
14Gimnasia de Mendoza
34%

Distribución de puntuación

Porcentaje por número respondido

Porcentaje de gente con cada puntuación

Historial de tus puntuaciones

No has intentado esta prueba.